| 000 | 00704nam a22001937a 4500 | ||
|---|---|---|---|
| 005 | 20231205171715.0 | ||
| 010 | _aENG-137523 | ||
| 020 |
_c395.00 _a9789392080630 |
||
| 035 | _aEN-121055 | ||
| 037 | _bDBAD/PUB | ||
| 082 | _a320.12 | ||
| 100 |
_aKapur, Pradeep _959540 |
||
| 245 |
_aGeopolitics Redefined: _cBy Pradeep Kapur...[et.al] _bPunctured Truths & Glamourised Lies/ |
||
| 260 |
_aDelhi _bKitab Mahal _c2023 |
||
| 270 |
_a4655/21, Ansari Road, Daryaganj _bDelhi _e110002 |
||
| 300 |
_a342;p. _c22 cm(pbk) |
||
| 700 |
_aAir Marshal Anil Chopra, Saptarishi Basu, Ankush Bhandari, Naleen Chandra, S. Mukherjee, Ankit Shah, K. Siddhartha _957817 |
||
| 942 |
_2ddc _cEN _h320.12 _mKAP |
||
| 999 |
_c196725 _d196725 |
||